| 000 | 00469nam a2200109Ia 4500 | ||
|---|---|---|---|
| 008 | 160909s9999 xx 000 0 und d | ||
| 100 | _aDorsey, Charles | ||
| 245 | _aProgram, partnership, and resource management: Success principles for churches that have programmatically and financially successful nonprofit organizations | ||
| 260 |
_bPepperdine University _c2016 |
||
| 650 | _aFINANCIAL MANAGEMENT | ||
| 856 | _uhttp://pqdtopen.proquest.com/doc/1805310259.html?FMT=ABS | ||
| 999 |
_c304552 _d304552 |
||